LEADER 01334nam--2200397---450- 001 990006179850203316 005 20161129142603.0 010 $a978-88-96260-18-0 035 $a000617985 035 $aUSA01000617985 035 $a(ALEPH)000617985USA01 035 $a000617985 100 $a20161121d2010----km-y0itay50------ba 101 $aita 102 $aIT 105 $a||||||||001yy 200 1 $a<> strumenti dell'Impero$etattiche e soldati dell'Epopea napoleonica$fMarco Severino 210 $aRome$cSME, Ufficio Storico$d2010 215 $a475 p.$d30 cm 300 $aIn testa al frontespizio: Stato maggiore dell'esercito, Ufficio storico 606 0 $aGuerre napoleoniche <1801-1815>$xStoria militare$2BNCF 676 $a355.0209 700 1$aSEVERINO,$bMarco$0718754 801 0$aIT$bsalbc$gISBD 912 $a990006179850203316 951 $aIG XVII S 147$b247628 L.M.$cIG XVII S$d392399 959 $aBK 969 $aGIU 979 $aALESSANDRA$b90$c20161122$lUSA01$h1425 979 $aALESSANDRA$b90$c20161124$lUSA01$h1016 979 $aALESSANDRA$b90$c20161124$lUSA01$h1019 979 $aALESSANDRA$b90$c20161124$lUSA01$h1021 979 $aALESSANDRA$b90$c20161129$lUSA01$h1425 979 $aALESSANDRA$b90$c20161129$lUSA01$h1426 996 $aStrumenti dell'Impero$91394532 997 $aUNISA LEADER 01224nas 2200421 a 450 001 9910690740803321 005 20001219080259.0 035 $a(CKB)5470000002340916 035 $a(OCoLC)43429454 035 9 $aocm43429454 035 $a(OCoLC)995470000002340916 035 $a(EXLCZ)995470000002340916 100 $a20000209a19989999 ua 101 0 $aeng 135 $aurgnu||||| 181 $ctxt$2rdacontent 182 $cn$2rdamedia 183 $anc$2rdacarrier 200 00$aSocial security $ehow it's financed 210 $a[Baltimore, Md.] $cSocial Security Administration$d[1998-] 215 $avolumes ;$d28 cm 225 1 $aSSA publication ;$vno. 05-10094 300 $a"ICN 468620"--P. [2]. 300 $a"Recycle previous edition." 300 $aCaption title. 517 $aSocial security 606 $aSocial security taxes$zUnited States 606 $aSocial security$zUnited States 615 0$aSocial security taxes 615 0$aSocial security 712 02$aUnited States.$bSocial Security Administration. 801 0$bPLF 801 1$bPLF 801 2$bGPO 906 $aDOCUMENT 912 $a9910690740803321 996 $aSocial security$9493410 997 $aUNINA